000 00414nam a22001577a 4500
008 160525b xxu||||| |||| 00| 0 eng d
020 _a9780414042155
082 _a347.012 WOO
100 _aWoolf, Lord
245 _aDe Smith's Judicial Review /
_cLord Woolf
250 _a7th ed.
260 _aLondon :
_bSweet & Maxwell ,
_c2013
300 _accl,1183p. ;
_c24cm.
500 _aIncludes index
942 _2ddc
_cBK
999 _c8431
_d8431